Introducción al análisis monetario

Guardado en:
Detalles Bibliográficos
Autor principal: Knight, Harold M (Autor)
Formato: Libro
Lenguaje:español
Publicado: Ciudad de México CEMLA 1964
Edición:2a. ed
Colección:Conferencias
Materias:
Etiquetas: Agregar Etiqueta
Sin Etiquetas, Sea el primero en etiquetar este registro!

MARC

LEADER 00000nam a2200000 a 4500
001 UCT8087
003 CL-VaPUC
008 970317e19640500MX |||||||||||||||||spa|d
082 0 4 |a 332.41  |b KNI  |2 21 
100 0 |a Knight, Harold M  |e author  |9 379561 
245 1 0 |a Introducción al análisis monetario 
250 |a 2a. ed 
300 |a 202 p 
942 |c BK 
945 |d 19970317 00:00:00  |a paguirre 
260 |a Ciudad de México  |b CEMLA  |c 1964 
650 0 |a Moneda  |9 342365 
650 0 |a Análisis económico  |9 259939 
650 0 |a Dinero  |9 314331 
650 0 |a Balanza comercial   |9 379503 
650 0 |a Estados de cuentas  |9 352305 
583 |a last modification  |c 19970317 00:00:00  |k Rodrigo Vera 
490 0 |a Conferencias 
999 |c 256619  |d 256617 
952 |0 0  |1 0  |4 0  |6 332_410000000000000_KNI_1964  |7 0  |8 P  |9 279431  |a BIBDER  |b BIBDER  |d 2019-11-19  |i 181267K  |o 332.41 KNI 1964  |p 181267K  |r 2023-01-25  |w 2019-11-19  |y BK  |k DER